Hodnotenie externých dopadov verejných projektov a využitie multikriteriálnej analýzy pri hodnotení efektívnosti

Základné východiská aplikácie multikriteriálnej analýzy. Podstata a princípy multikriteriálnej analýzy.

Enregistré dans:
Détails bibliographiques
Auteur principal: Čiernik, Anton
Format: Chapitre de livre
Langue:slovaque
Sujets:
Tags: Ajouter un tag
Pas de tags, Soyez le premier à ajouter un tag!

MARC

LEADER 00000naa a2200000 4500
001 0167149
005 20240506113515.0
041 0 |a slo 
044 |a SK 
245 1 0 |a Hodnotenie externých dopadov verejných projektov a využitie multikriteriálnej analýzy pri hodnotení efektívnosti  |c Anton Čiernik 
520 |a Základné východiská aplikácie multikriteriálnej analýzy. Podstata a princípy multikriteriálnej analýzy. 
610 2 0 |a projekty 
610 2 0 |a ukazovatele rentability 
610 2 0 |a sektor verejný 
610 2 0 |a efektívnosť ekonomická 
610 2 0 |a financie verejné 
100 1 |a Čiernik, Anton